000 00691nam a2200205Ia 4500
003 GCL
008 140319s9999 xx 000 0 ara d
020 _a6713270977
040 _aGCL /
_cGCL
082 0 4 _a822.33
_bأ ش
100 1 _aالفريد فرج
245 1 0 _aشكسبير فى زمانه وفى زماننا /
_cالفريد فرج
250 _aالثانية
260 _aالقاهرة :
_bالدار المصرية اللبنانية ،
_c2004
300 _a204ص ؛
_c24سم
650 0 4 _aالمسرحيات الانجليزية
650 0 4 _aشكسبير، ويليام
650 0 4 _aالمسرحيات الانجليزية - ـتاريخ ونقد
942 _2ddc
_cBK
999 _c9879
_d9879